Umelá inteligencia v reálnom biznise
Presadzovanie myšlienok umelej inteligencie do reálneho biznisu. Koncept generatívnych konfrontačných sietí. Riziko, súvisiace s projektami UI (tzv. („zima UI“). Faktory, s ktorými treba pracovať, aby nezaostával proces reálnych implementácií UI vo firmách. Prax budovania UI start-upov. Výhody pri i...
Guardado en:
| Autor principal: | |
|---|---|
| Formato: | Capítulo de libro |
| Lenguaje: | eslovaco |
| Materias: | |
| Etiquetas: |
Sin Etiquetas, Sea el primero en etiquetar este registro!
|
MARC
| LEADER | 00000naa a2200000 4500 | ||
|---|---|---|---|
| 001 | 0256222 | ||
| 005 | 20220725111700.8 | ||
| 041 | 0 | |a slo | |
| 044 | |a SK | ||
| 245 | 1 | 0 | |a Umelá inteligencia v reálnom biznise |c Tomáš Kysela |
| 520 | |a Presadzovanie myšlienok umelej inteligencie do reálneho biznisu. Koncept generatívnych konfrontačných sietí. Riziko, súvisiace s projektami UI (tzv. („zima UI“). Faktory, s ktorými treba pracovať, aby nezaostával proces reálnych implementácií UI vo firmách. Prax budovania UI start-upov. Výhody pri in-house (vertikálnom) UI start-upe. | ||
| 610 | 2 | 0 | |a inteligencia umelá |
| 610 | 2 | 0 | |a technológie informačné |
| 610 | 2 | 0 | |a technológie komunikačné |
| 610 | 2 | 0 | |a technológie nové |
| 610 | 2 | 0 | |a start-up |
| 100 | 1 | |a Kysela, Tomáš | |